Propuestas libertarias para superar la crisis actual /
Guardado en:
| 主要作者: | |
|---|---|
| 格式: | Texto |
| 標簽: |
添加標簽
沒有標簽, 成為第一個標記此記錄!
|
MARC
| LEADER | 00000 a a2200000 04500 | ||
|---|---|---|---|
| 001 | 17168 | ||
| 003 | |||
| 040 | |||
| 100 | |a Guevara Guth, Otto | ||
| 245 | |a Propuestas libertarias para superar la crisis actual / |c Otto Guevara Guth | ||
| 773 | |g volumen 8, número 1; páginas 353-388 | ||
| 999 | |c 37588 |d 37588 | ||
